Navrhovanie betónových konštrukcií pozemných stavieb podľa EN 1992-1-1

Bibliographic Details
Main Author: Harvan, Ivan, 1944- (Author)
Format: Article
Language:Slovak
PhysicalDescription:Sch., tab.
ISSN:1336-6327
Subjects:

MARC

LEADER 00000nab a2200000 a 4500
001 vtls008409503
003 SK-MaSNL
005 20260304141937.0
008 250505c2005 xo zr|p|||||||000 b|slo
015 |a SNBRB2005/11  |2 snkbucl 
035 |a (sysno)vtls008409503 
035 |a urn:nbn:sk:snk-ab7csi 
035 |a (uuid)f1efe764-4d41-4eeb-9601-257a80abeed5 
035 |a (urnnbn)urn:nbn:sk:snk:ar-a07k6s 
038 |a SNKBUCL 
040 |a SNKBUCL  |b slo  |c SNKBUCL  |e AACR2 
041 0 |a slo 
044 |a xo  |c SK 
080 |a 624.012.3/.4.04:006  |x (4)  |2 1997 
080 |a 624.04  |2 1997 
080 |a 006  |x (4)  |2 1997 
100 1 |a Harvan, Ivan,  |d 1944-  |4 aut  |9 109758 
245 1 0 |a Navrhovanie betónových konštrukcií pozemných stavieb podľa EN 1992-1-1  |c Ivan Harvan 
300 |b Sch., tab. 
504 |a Bibliogr. odkazy 
630 0 7 |a EN 1992-1-1  |2 snkbucl  |9 1191286 
650 0 7 |a pozemné stavby  |2 snkbucl  |9 1612 
650 0 7 |a betónové konštrukcie  |2 snkbucl  |9 1686 
650 0 7 |a navrhovanie  |2 snkbucl  |9 278395 
650 0 7 |a technické normy a štandardy  |2 snkbucl  |9 69944 
650 0 7 |a európske normy  |2 snkbucl  |9 659839 
773 0 |t Projekt - stavba  |g Roč. 1, č. 4 (2005), s. 10-15  |x 1336-6327 
850 |a Slovenská národná knižnica 
852 |a Slovenská národná knižnica 
954 |a odborná, vedecká literatúra pôvodná (slovenská)  |2 lita 
958 |a article27 
958 |a NB 
958 |a OND 
958 |a EUIPO 
999 |c 2920008  |d 2921938